00932 2200313 4500001002100000005001500021035002000036007000300056040001700059100004600076245010600122250001000228300003300238020001800271041000800289090002300297264003700320336002100357337003000378338002300408650001100431700004500442850001000487008004100497504002600538990001800564990001800582990001800600INLIS00000000000894320260513120547 a0010-1022000318ta aSBPUPADbind0 aMuhammad Syafi'ie El-Bantanie;ePengarang1 aThe Power Of Financial Quotient /cMuhammad Syafi'ie el-Bantanie:Editor;Tim Sahabat Sejati Publishing acet.1 av,155 hlm. :bilus. ;c14 cm a979-15849-3-7 aind a956.94 BAW h 25-13 aJakarta :bSahabat Sejati,c2008 2rdacontentateks 2rdamediaatanpa perantara 2rdacarrieravolume 4aMusik/ aTim Sahabat Sejati PublishingePengarang aPUPAD260513 0  abibiliografi, 149 hlm a12013/BR/KAPD a12015/BR/KAPD a12014/BR/KAPD